00213nam a2200085Ia 4500008004100000040001900041041001200060100002200072245003300094131103s9999 xx 000 0 und d aLoreto College aEnglish amassimo salvadori athe american economic system